000 01474nam a2200337 a 4500
001 00003838
003 DO-SdBNP
005 20180306142340.0
007 00003838
008 150130s2009 dr abc 000 0 spa d
020 _a9789803663763
040 _aBPMSU
_bspa
_cBPMSU
092 _a372.83
_bS498c 3ro. 2009
100 1 _aSeverino, Banahi
245 1 0 _aCiencias sociales 3 /
_cBanahi Severino
260 _aSanto Domingo :
_bActualidad Escolar 2000,
_c2009.
300 _a2v :
_bil., mapas, retrs. ;
_c28 cm.
500 _aLa biblioteca posee v. 1. Libro texto , v. 2. Libro del maestro
500 _aEste libro ha sido realizado de acuerdo al curriculum vigente y aprobado como libro de texto por la SEE, bajo el no. 6096 de fecha 4 de julio 2006, revisado y actualizado al 2009
505 1 _gunidad 1 --
_tFamilia y comunidad --
_gunidad 2 --
_tCultura y autoridad en los municipios dominicanos --
_gunidad 3 --
_tRepública Dominicana, primeros pobladores --
650 4 _aCIENCIAS SOCIALES
_xENSEÑANZA BÁSICA
650 4 _aCIENCIAS SOCIALES
_xEDUCACIÓN PRIMARIA
650 4 _aCIENCIAS SOCIALES
_xLIBROS DE TEXTOS
650 4 _aCIENCIAS SOCIALES
_xESTUDIOS Y EJERCICIOS
650 4 _aEDUCACIÓN PRMARIA
_zREPÚBLICA DOMINICANA
910 _aValidado. Control de calidad MFF
942 _2ddc
_cBK
945 _aRemanejado para la BNPHU / 2018 VM
956 _aVMATEO
_b10
_c20150603
_lBPMSU
_h00151
956 _aLOPEREZ
_b10
_c20160408
_lBPMSU
_h0041
999 _c9656
_d9656